00494nam a2200181 i 4500001001100000003000500011005001700016008004100033040002500074082001500099245002400114264005400138300002400192336002100216337002500237338002300262650002700285C2-0221121PPAK20180728150802.0991014s1963 my |||| ||||| | may d aPPAKbengcPPAKerda04a398.2222300aHikayat Malim Deman 1aKuala Lumpur : bOxford University Press , c1963 a105 pages ; c18 cm 2rdacontentatext 2rdamediaaunmediated 2rdacarrieravolume10aFolk literature, Malay